The power of geographical thinking
Spremljeno u:
| Glavni autori: | , , |
|---|---|
| Format: | Knjiga |
| Jezik: | engleski |
| Izdano: |
s.l
Springer
2017
|
| Izdanje: | 1a. ed |
| Teme: | |
| Oznake: |
Dodaj oznaku
Bez oznaka, Budi prvi tko označuje ovaj zapis!
|
MARC
| LEADER | 00000cam a2200000 a 4500 | ||
|---|---|---|---|
| 001 | UCC1094 | ||
| 003 | CL-VaPUC | ||
| 008 | 170929e20170000au |||||||||||||||||eng|d | ||
| 020 | |a 9783319499864 | ||
| 082 | 0 | 4 | |a 910 |b BRO |2 21 |
| 100 | 0 | |a Brooks, Clare |e author |9 595134 | |
| 700 | 0 | |a Butt, Graham |e author |9 595135 | |
| 700 | 0 | |a Fargher, Mary |e author |9 595136 | |
| 245 | 1 | 4 | |a The power of geographical thinking |
| 250 | |a 1a. ed | ||
| 300 | |a 238 p | ||
| 942 | |c BK | ||
| 945 | |d 20170929 13:43:00 |a dcastane | ||
| 260 | |a s.l |b Springer |c 2017 | ||
| 650 | 0 | |a Filosofía de las ciencias |9 256466 | |
| 650 | 0 | |a Geografía |9 259346 | |
| 650 | 0 | |a Enseñanza de la geografía |9 310005 | |
| 583 | |a last modification |c 20170929 13:43:00 |k Rodrigo Vera | ||
| 999 | |c 369675 |d 369673 | ||
| 952 | |0 0 |1 0 |3 erd |4 0 |6 910_000000000000000_BRO_2017 |7 0 |8 A |9 485608 |a BIBING |b BIBING |i 5426030 |o 910 BRO 2017 |p 5426030 |r 2025-01-20 |w 2019-11-24 |y BK |z Catalogado en:20170929 |k GEO | ||
| 952 | |0 0 |1 0 |3 erd |4 0 |6 910_000000000000000_BRO_2017 |7 0 |8 A |9 485609 |a BIBING |b BIBING |i 5426022 |o 910 BRO 2017 |p 5426022 |r 2025-01-20 |w 2019-11-24 |y BK |z Catalogado en:20170929 |k GEO | ||